Eṭṭuttokaiyuḷ on̲r̲ȧkiya Nar̲r̲iṇai nān̲ūru / (Record no. 65716)
[ view plain ]
| 000 -LEADER | |
|---|---|
| fixed length control field | 00905cam a2200229 i 4500 |
| 001 - CONTROL NUMBER | |
| control field | sa 65008593 |
| 003 - CONTROL NUMBER IDENTIFIER | |
| control field | DLC |
| 005 - DATE AND TIME OF LATEST TRANSACTION | |
| control field | 20260227112155.0 |
| 008 - FIXED-LENGTH DATA ELEMENTS--GENERAL INFORMATION | |
| fixed length control field | 880316s1962 ii c 00010 tamo |
| 010 ## - LIBRARY OF CONGRESS CONTROL NUMBER | |
| LC control number | sa 65008593 //r882 |
| 050 0# - LIBRARY OF CONGRESS CALL NUMBER | |
| Classification number | PL4758.6.A2 |
| Item number | N37 1962 |
| 100 00 - MAIN ENTRY--PERSONAL NAME | |
| Personal name | Nar̲r̲iṇai. |
| 245 10 - TITLE STATEMENT | |
| Title | Eṭṭuttokaiyuḷ on̲r̲ȧkiya Nar̲r̲iṇai nān̲ūru / |
| Statement of responsibility, etc. | Pin̲n̲attūr A. Nārāyaṇacāmi Aiyar el̲utiya uraiyum viḷakkamum ; Po.Vē. Cōmacuntaranār el̲uti ya ilakkaṇakkur̲ippum āyvuraiyum. |
| 250 ## - EDITION STATEMENT | |
| Edition statement | [3rd rev. ed.] |
| 260 0# - PUBLICATION, DISTRIBUTION, ETC. | |
| Place of publication, distribution, etc. | Tirunelvēli : |
| Name of publisher, distributor, etc. | Tirunelvēlit Ten̲n̲intiya Caivacittānta Nūr̲patippuk Kal̲akam, |
| Date of publication, distribution, etc. | 1962. |
| 300 ## - PHYSICAL DESCRIPTION | |
| Extent | 81, 696 p. : |
| Other physical details | port. ; |
| Dimensions | 22 cm. |
| 490 0# - SERIES STATEMENT | |
| Series statement | Kal̲aka veḷiyīt̲u ; |
| Volume/sequential designation | 614 |
| 500 ## - GENERAL NOTE | |
| General note | In Tamil. |
| 650 #0 - SUBJECT ADDED ENTRY--TOPICAL TERM | |
| Topical term or geographic name entry element | Tamil poetry |
| Chronological subdivision | To 1500. |
| 600 20 - SUBJECT ADDED ENTRY--PERSONAL NAME | |
| Personal name | Narayanaswami Ayyar, P. A., |
| Dates associated with a name | 1862-1914. |
| 600 10 - SUBJECT ADDED ENTRY--PERSONAL NAME | |
| Personal name | Somasundaram, P. V., |
| Dates associated with a name | 1909- |
No items available.